00663 2200217 4500001002100000005001700021008004100038020001800079035002400097090001800121100002300139245013200162260002700294650003700321700002400358850001200382985000600394999001500400999001500415999001500430YOGYA-0209000004734120090227031537.0 ind  a979-763-820-0 0010-020900000047341 a006.68bYud T aYUDHIANTORO, Dhani aTeknik profesional menggunakan teks, Brush, dan efek khusus pada corel drano x3cDhani yudhiantoro; editor, Fl. Sigit Suyantoro aYogyakartabAndic2007 aCorel Draw x3 (program komputer) aSuyantoro, Fl Sigit aYOPDYOG a3 a07B0030708 a07B0030709 a07B0030710